Регионална библиотека "Любен Каравелов" - Русе

Чудесата на дивата природа (Запис номер 66227)

MARC детайли
000 -Лидер
Контролно поле с фиксирана дължина 01572nam a2200397 a 4500
003 - Код на организацията, давaща контролен номер
Контролно поле BLK
005 - Дата и час на последна редакция
Контролно поле 20250116152437.0
008 - Елементи от данни с фиксирана дължина
fixed length control field 180408b bul|||||r ||||||| ||bul||
010 ## - Наследен системен номер
LC control number KNG00070515000
020 ## - Международен стандартен номер на книга ISBN
Международен стандартен номер на книга ISBN 954-308-131-Х
040 ## - Източник на каталожния запис
Идентификатор на билиотеката - собственик на записа BLK
041 ## - Код за език
Код за езика на текст/звукозапис или на отделно заглавие Български
Код за езика КДБФ Български
080 ## - УДК
Текстов определител УДК Систематична (специална) зоология. Вж и 562/569; 57.06
УДК код - определител по УДК 592/599
УДК - код + определител 592/599
139 ## - Редно поле
Редна дума Чудесата на дивата природа
Авторски знак Чуд - Ч 94
245 10 - Сведения за заглавието
Заглавие Чудесата на дивата природа
Подзаглавни данни Запознайте се с най-екзотичните животни на планетата
Редно поле (дума) прев. Михаела Михайлова.
257 ## - Страна на издаване
Страна на създаване/издаване Великобритания
260 ## - Област на издателските данни
Име на издателя, разпространителя и проч. Прес
Година на издаване 2006
Печатница Пловдив : Делта +
Място на издаване, разпространение и проч. София
300 ## - Физическа характеристика
Страници 63 с.
Размери/Мащаб 29 см
380 ## - Жанр
Жанр Детска отраслова лит.
490 ## - СЕРИИ (Колекции)
Име на серия Britannica
9 (RLIN) 203461
490 ## - СЕРИИ (Колекции)
Име на серия Библиотека Знание
№: серия 1
9 (RLIN) 202259
500 ## - Общи забележки
Забележка Ориг. загл. Britannica Learning Library - Wildlife Wonders. - Съдържа и Речник.
590 ## - Забележки на библиотеката, притежаваща документа (RLIN)
Служебно Енциклопедия Британика
650 #4 - Допълнително описание по предмет – тема
Основно описание – тема или топоним Диви животни
9 (RLIN) 285878
653 ## - Ключова дума – ненормативна
Ключова дума диви животни
653 ## - Ключова дума – ненормативна
Ключова дума литература за деца
653 ## - Ключова дума – ненормативна
Ключова дума детска литература
700 1# - Други автори (авторска отговорност)
Лично име Михайлова, Михаела
Автороска отговорност (Описва отношението между автора и произведението) прев.
9 (RLIN) 367017
852 ## - Местоположение
Форматна сигнатура Цб ІІ 14180
Фондова буква Хранилище
856 4# - Електронен адрес и достъп
Електронен формат pdf - файл
856 4# - Електронен адрес и достъп
Електронен формат pdf - файл
999 ## - СИСТЕМНИ КОНТРОЛНИ НОМЕРА
Koha biblionumber 66227
Koha biblioitemnumber 66227
942 ## - АРТИКУЛИ
Вид на библиотечния материал Книги
Скрит в OPAC Не
Koha issues (borrowed), all copies 11
Периодичен библиозапис Да
944 ## - СЪЗДАВАНЕ И РЕДАКЦИЯ на ЗАПИСА
Създаване/Редакция Създаване
Дата на регистрацията/редакция 11.01.2007
Служител, извършил регистрацията/редакцията 30537
Статус, дата на статуса Грета Цуфелде
944 ## - СЪЗДАВАНЕ И РЕДАКЦИЯ на ЗАПИСА
Създаване/Редакция Редакция
Дата на регистрацията/редакция 10.07.2007
999 ## - СИСТЕМНИ КОНТРОЛНИ НОМЕРА
Koha biblioitemnumber 66227
Наличности
Код за отписване Код за изгубен артикул Източник на класификационната схема Код за повреда Коз за рестрикции Код за отдаване Артикулен № Име на библиотеката - собственик Име на библиотеката, в която се намира в момента Статус (Текущо местоположение) Дата на вписване в системата Местоположение - отдел Цена в лева Инвентарен номер Систематично азбучна сигнатура Баркод Номер на екземпляра Цена в евро Служебна бележка Служебен тип на артикула
  Не е изгубен Universal Decimal Classification Не е повреден без рестрикции заемане за дома 109905 Регионална библиотека "Любен Каравелов" Русе Регионална библиотека "Любен Каравелов" Русе Детски отдел 2007-01-11 Детски отдел 6.00 120000708511 Д 59/Ч 94 120000708511 1 3.07 Дост: DA Вид: А N: 1 Дата: 05.01.2007 Дата инв: 01.09.2015 Бележки инв: Д2015 Книги
  Не е изгубен   Не е повреден без рестрикции заемане за дома 109906 Регионална библиотека "Любен Каравелов" Русе Регионална библиотека "Любен Каравелов" Русе Детски отдел 2007-01-11 Детски отдел 6.00 120000708512 Д 59/Ч 94 120000708512 2 3.07 Дост: DA Вид: А N: 1 Дата: 05.01.2007 Дата инв: 19.08.2015 Бележки инв: Д2015 Книги
  Не е изгубен Universal Decimal Classification Не е повреден само за читалня ползва се в читалня 109907 Регионална библиотека "Любен Каравелов" Русе Регионална библиотека "Любен Каравелов" Русе Хранилище 2007-07-02 Хранилище 6.00 120000715165 Цб ІІ 14180 120000715165 3 3.07 Дост: Dp Вид: Д N: 6 Дата: 17.01.2007 Книги
Vip Innovations Ltd, Rousse, Bulgaria 2025